LEADER 00995nam a2200253 i 4500 001 000000162012 003 CaOOAMICUS 005 20220315162405.0 008 070605s1949 it u000 u mul u 013 $a139376 040 $aSeMil$bita 100 1 $aYeats, William Butler,$d<1865-1939>.$0(OLS)http://semarc/name/42829 245 10$aPoesie /$cWilliam Butler Yeats. 246 01$aPoems 264 1$aMilano :$bEnrico Cederna,$cstampa 1949. 300 $a213 p. ;$c21 cm. 546 $aFrontespizio e testo in lingua inglese con traduzione italiana a fronte. 650 4$aYeats, William Butler <1865-1939> - Opere.$0(OLS)http://semarc/subject/17716 850 $aSeMil 852 $aSeMil$W1$xVenegono$y1$m1T II 128$j239582$B113389$CSeMilBibl$Z2$F124014 $81 996 $6246$aPoems$9(OLS)http://semarc/title/120016 996 $6245$aPoesie$9(OLS)http://semarc/title/2285 996 $6264$aMilano :$bEnrico Cederna$9(OLS)http://semarc/publisher/44487 LEADER 01043nam a2200253 i 4500 001 000000206158 003 CaOOAMICUS 005 20110921000000.0 008 110921s1955 it u000 u ita u 013 $a184908 040 $aSeMil$bita 100 1 $aPiccardi, Leopoldo.$0(OLS)http://semarc/name/25212 245 13$aLa lotta contro i monopoli /$cLeopoldo Piccardi ... [et al.] ; A cura di Eugenio Scalfari. 260 $aBari :$bLaterza,$c1955. 300 $a293 p. ;$c21 cm. 490 0 $aLibri del tempo ;$v26 500 $aContiene : Appendici. 650 4$aMonopoli - Problemi - Congressi - 1955.$0(OLS)http://semarc/subject/38741 700 1 $aScalfari, Eugenio,$d<1924-2022>.$0(OLS)http://semarc/name/5790 830 0$aLibri del tempo ;$v26.$0(OLS)http://semarc/title/6927 850 $aSeMil 852 $aSeMil$W1$xVenegono$y1$m3U III 104$j156641$B156641$CSeMilBibl$Z2$F167901 $81 996 $6245$aLa lotta contro i monopoli$9(OLS)http://semarc/title/298337 996 $6260$aBari :$bLaterza$9(OLS)http://semarc/publisher/29858